|
|
|
|
| LEADER |
00000nam a22000007a 4500 |
| 005 |
20201020223743.0 |
| 007 |
cr|||| |||| |
| 008 |
201020s2020 es |||||s|||| 00||0 spa d |
| 020 |
|
|
|a 978-84-1324-741-0
|
| 035 |
|
|
|a 32116
|
| 040 |
|
|
|a vLex
|
| 090 |
|
|
|c 10769
|d 10769
|
| 100 |
1 |
|
|a Cortš Martn̕, Jos ̌Manuel
|
| 245 |
1 |
0 |
|a Retos actuales de la cooperacin̤ penal en la Unin̤ Europea
|h [Recurso electrn̤ico] /
|c Jos ̌Manuel Cortš Martn̕, Florentino-Gregorio Ruiz Yamuza
|
| 256 |
|
|
|a Servicio en ln̕ea
|
| 260 |
|
|
|a Madrid:
|b Dykinson,
|c 2020
|
| 300 |
|
|
|a 1 recurso electrn̤ico
|
| 506 |
1 |
|
|a Disponible solo en los productos indicados
|d vLex Global
|d vLex Global (Academic Edition, excluding Law Schools)
|d vLex Global (U.S. Academic Edition, Law Schools)
|d vLex Global (U.S. Academic Edition, excluding Law Schools)
|d vLex Global (Academic Edition, Law Schools)
|
| 650 |
0 |
4 |
|a Derecho Penal
|z Espaą
|
| 700 |
1 |
|
|a Ruiz Yamuza, Florentino-Gregorio
|
| 740 |
0 |
|
|a vLex Libros (Servicio en ln̕ea)
|
| 856 |
4 |
0 |
|u http://vlex.com/source/retos-actuales-cooperacion-penal-union-europea-32116
|z Acceso restringido
|
| 942 |
|
|
|c BOOK
|
| 999 |
0 |
|
|a Criminal law
|